Degree of steak doneness - Statistics

General Stats
  • This quiz has been taken 2,471 times
  • The average score is 6 of 7
Answer Stats
Temperature Answer % Correct
140°F (60°C) Medium
99%
125°F (52°C) Rare
99%
160°F (71°C) Well done
98%
130°F (55°C) Medium rare
96%
150°F (66°C) Medium well
83%
>160°F (71°C) Overcooked
64%
115°F (46°C) Blue rare
62%
No matching quizzes found
Score Distribution
Percent of People with Each Score
Percentile by Number Answered
Your Score History
You have not taken this quiz